| 000 | 02799nam a2200361 i 4500 | ||
|---|---|---|---|
| 003 | OSt | ||
| 005 | 20260415172918.0 | ||
| 008 | 260225t20242024mouado gr 001 0 eng d | ||
| 020 |
_a9780323608459 _qpaperback _cRM 505.96 |
||
| 040 |
_aPPAK _beng _cPPAK _erda |
||
| 082 | 0 | 4 |
_a618.97 _223 |
| 090 | 0 | 0 |
_a618.97 _bGER _dR |
| 245 | 0 | 0 |
_aGerontology and Geriatrics for NPs and PAs : _bAn Interprofessional Approach / _cedited by JILL BEAVERS-KIRBY , FREDDI SEGAL-GIDAN |
| 264 | 1 |
_aSt. Louis, Missouri : _bElsevier, _c2024 |
|
| 264 | 4 | _c©2024 | |
| 300 |
_axiv, 703 pages : _bcolour illustrations, colour photographs ; _c28 cm |
||
| 336 |
_atext _2rdacontent |
||
| 336 |
_astill image _2rdacontent |
||
| 337 |
_aunmediated _2rdamedia |
||
| 338 |
_avolume _2rdacarrier |
||
| 504 | _aIncludes bibliographical references and index. | ||
| 505 | 0 |
_aSection I. _tAging -- 1. Biological and Physiological Change Theories -- 2. Normal Aging -- 3. Principles of Care -- 4. Ethical Issues in Care -- 5. Sexuality in Older Adults -- |
|
| 505 | 0 |
_aSection II. _tHealth Promotion and Disease Prevention -- 6. Preventive Screenings and Immunizations -- 7. Promotion of Healthy Aging -- 8. Medication Use in Older Adults -- 9. Complementary and Integrative Therapies for Older Adults |
|
| 505 | 0 |
_aSection III. _tAssessment and Management of Health Problems Common to Older Adults -- 10. Clinical Assessment: Cognitive, Psychological, Social, Functional, and Medications -- 11. Common Geriatric Syndromes -- 12. Sensory Changes -- 13. Chronic Conditions -- 14. Infectious Diseases -- 15. Acute, Emergent, and Urgent Conditions -- 16. Musculoskeletal and Rheumatologic Conditions in the Older Adult -- 17. Cancer -- 18. Mental Health/Behavioral Health |
|
| 505 | 0 |
_aSection IV. _tCare Systems for Problems of Older Adults -- 19. Home Care -- 20. Acute Care -- 21. Long-Term Care -- 22. Palliative Care and Hospice -- Appendix 1. Tools -- Appendix 2. IPEC Competencies |
|
| 520 |
_a"Written by NPs and PAs who have a wealth of experience in the care of older adults across all practice settings, Gerontology and Geriatrics for NPs and PAs takes an evidence-based approach to both gerontology and geriatrics, incorporating the latest national and international guidelines and standards of care. This first-of-its-kind text takes an interprofessional, teamwork-based approach that reflects Interprofessional Education Collaborative (IPEC) core competencies, as well as the unique perspectives that NPs and PAs each bring to the collaborative care of older adults."-- _cPublisher website |
||
| 650 | 1 | 0 | _aGerontology |
| 650 | 2 | 0 | _aGeriatric nursing |
| 650 | 2 | 0 | _aGeriatrics |
| 700 | 1 |
_aBeavers-Kirby, Jill, _eeditor. |
|
| 700 | 1 |
_aSegal-Gidan, Freddi I, _eeditor. |
|
| 942 |
_cB _2ddc |
||
| 999 |
_c203264 _d203264 |
||